000
00307nam a22001217a 4500
999
_c
155329
_d
155329
082
_a
_b
100
_a
Geetha P
245
_a
Theyathile saamoohyavalkaranavum samayeekaranavum/
_c
by Geetha P.
260
_a
Kannur:
_b
Kerala Folklore Academy,
_c
2015.
300
_a
141p.
650
_a
Folklore
942
_c
BK